2025 Formula One Results Quiz - Statistics

General Stats
  • This quiz has been taken 476 times
    274 since last reset
  • The average score is 7 of 8
Answer Stats
Answer % Correct
Lando Norris
100%
Max Verstappen
98%
George Russell
87%
Oscar Piastri
87%
Lewis Hamilton
76%
Charles Leclerc
75%
Kimi Antonelli
70%
Nico Hulkenberg
70%
No matching quizzes found
Score Distribution
Percent of People with Each Score
Percentile by Number Answered
Your Score History
You have not taken this quiz since the last reset